Định giá thông minh, chinh phục người dùng = Monetizing innovation : Những tổ chức đột phá thiết kế sản phẩm xoay quanh giá cả như thế nào?

Cuốn sách này với nội dung là việc đổi mới là động lực của sự phát triển thể nhưng gần như mọi doanh nghiệp đều biến nó thành một hành trình kéo dài, tốn kém và mơ hồ về tỷ lệ thành công. Định giá thông minh, chinh phục người dùng...

Deskribapen osoa

Gorde:
Xehetasun bibliografikoak
Egile nagusia: Ramanujam, Madhavan
Beste egile batzuk: Khánh Trang (Dịch)
Formatua: Liburua
Hizkuntza:Vietnamese
Argitaratua: H. Công Thương 2020
Gaiak:
Etiketak: Etiketa erantsi
Etiketarik gabe, Izan zaitez lehena erregistro honi etiketa jartzen!
Thư viện lưu trữ: Thư viện Trường Đại học Nam Cần Thơ
LEADER 01382nam a22002057a 4500
001 NCT_129923
008 220530b xxu||||| |||| 00| 0 vie d
999 |c 6667  |d 6667 
020 |a 9786049963575  |c 199000 
082 0 4 |2 23rd ed.  |a 658.816  |b R484 
100 1 |a Ramanujam, Madhavan 
245 1 0 |a Định giá thông minh, chinh phục người dùng =  |b Monetizing innovation : Những tổ chức đột phá thiết kế sản phẩm xoay quanh giá cả như thế nào?  |c Madhavan Ramanujam ; Khánh Trang (dịch) 
260 |a H.  |b Công Thương  |c 2020 
300 |c 24cm  |a 345 tr.  |b Minh họa  
520 3 |a Cuốn sách này với nội dung là việc đổi mới là động lực của sự phát triển thể nhưng gần như mọi doanh nghiệp đều biến nó thành một hành trình kéo dài, tốn kém và mơ hồ về tỷ lệ thành công. Định giá thông minh, chinh phục người dùng sẽ biến điều thành "chuyện của quá khứ"! 
653 |a Quản trị kinh doanh 
700 1 0 |a Khánh Trang  |e Dịch 
942 |2 ddc  |c BK 
952 |0 0  |1 0  |2 ddc  |4 0  |6 658_816000000000000_R484  |7 0  |9 24540  |a 000001  |b 000001  |d 2022-05-30  |o 658.816 R484  |p MD.19551  |r 2022-05-30  |v 199000.00  |w 2022-05-30  |y BK 
980 |a Thư viện Trường Đại học Nam Cần Thơ